The Seville Statement on Violence (Record no. 3848)
[ view plain ]
| 000 -LEADER | |
|---|---|
| fixed length control field | 00345nam a22001217a 4500 |
| 008 - FIXED-LENGTH DATA ELEMENTS--GENERAL INFORMATION | |
| fixed length control field | 230704b xxu||||| |||| 00| 0 eng d |
| 082 ## - DEWEY DECIMAL CLASSIFICATION NUMBER | |
| Classification number | 341.73 |
| Item number | UNESCO |
| 100 ## - MAIN ENTRY--PERSONAL NAME | |
| Titles and words associated with a name | David Adams |
| 245 ## - TITLE STATEMENT | |
| Title | The Seville Statement on Violence |
| Remainder of title | prepairing the Ground for the Constructing of Peace |
| 260 ## - PUBLICATION, DISTRIBUTION, ETC. (IMPRINT) | |
| Name of publisher, distributor, etc. | UNESCO |
| Date of publication, distribution, etc. | Nov 1989 |
| 300 ## - PHYSICAL DESCRIPTION | |
| Extent | 47p |
| 942 ## - ADDED ENTRY ELEMENTS (KOHA) | |
| Source of classification or shelving scheme | Dewey Decimal Classification |
| Koha item type | Books |
| Withdrawn status | Lost status | Source of classification or shelving scheme | Damaged status | Not for loan | Home library | Current library | Date acquired | Total Checkouts | Full call number | Barcode | Date last seen | Price effective from | Koha item type |
|---|---|---|---|---|---|---|---|---|---|---|---|---|---|
| Dewey Decimal Classification | County Hall Archives | County Hall Archives | 07/04/2023 | 341.73 UNESCO | 10012067 | 07/04/2023 | 07/04/2023 | Books |
